The Violence Project : how to stop a mass shooting epidemic /

Bibliographic Details
Main Authors: Peterson, Jillian (Author), Densley, James A. (James Andrew), 1982- (Author)
Corporate Author: ProQuest (Firm)
Format: eBook
Language:English
Published: New York : Abrams Press, 2021.
Subjects:
Online Access:Connect to the full text of this electronic book

MARC

Tag First Indicator Second Indicator Subfields
LEADER 00000cam a22000001i 4500
001 in00004367421
006 m |o d |
007 cr |n|||||||||
008 210919t20212021nyua eob 001 0deng d
005 20250816204555.2
020 |a 9781647002275 (electronic bk.) 
020 |a 1647002273 (electronic bk.) 
020 |z 9781419752957 
020 |z 1419752952 
024 8 |a 40030712276 
035 |a (NhCcYBP)ebc6699235 
040 |a NhCcYBP  |c NhCcYBP  |d UtOrBLW 
043 |a n-us--- 
050 4 |a HV6536.5  |b .P48 2021 
082 0 4 |a 364.152/340973  |2 23/eng/20210826 
100 1 |a Peterson, Jillian,  |e author.  |0 http://id.loc.gov/authorities/names/no2021108223 
245 1 4 |a The Violence Project :  |b how to stop a mass shooting epidemic /  |c Jillian Peterson, PhD, & James Densley, PhD. 
264 1 |a New York :  |b Abrams Press,  |c 2021. 
264 4 |c ©2021 
300 |a 1 online resource. 
336 |a text  |b txt  |2 rdacontent 
337 |a computer  |b c  |2 rdamedia 
338 |a online resource  |b cr  |2 rdacarrier 
504 |a Includes bibliographical references (pages 199-221) and index. 
588 |a Description based on print version record. 
500 |a Electronic resource. 
650 0 |a Mass shootings  |z United States  |x Prevention. 
650 0 |a Mass murderers  |z United States  |x Psychology. 
650 0 |a Mass murderers  |z United States  |x Psychology  |v Case studies. 
610 2 0 |a Violence Project.  |0 http://id.loc.gov/authorities/names/no2019173766 
655 7 |a Electronic books.  |2 local 
700 1 |a Densley, James A.  |q (James Andrew),  |d 1982-  |e author.  |0 http://id.loc.gov/authorities/names/no2011175772 
710 2 |a ProQuest (Firm)  |0 http://id.loc.gov/authorities/names/n2007068018 
776 1 8 |c Original  |z 9781419752957  |z 1419752952 
856 4 0 |u https://ebookcentral.proquest.com/lib/tamucs/detail.action?docID=6699235  |z Connect to the full text of this electronic book  |t 0 
945 |b 21031 
955 |a YBP purchased approval e-records 
980 |b ebook  |c 40030712276  |f NONFIC/B  |g 565751  |k USD  |m 34.98  |q 1  |s AcqMono Conventional  |t Approval plan  |u Vendor order reference number  |v ZYBP  |y E-approvals  |z Electronic resource 
987 |a ybp302397069 
999 f f |s 6bc45e33-4092-3564-99b6-13ac80b68067  |i 04e722c3-9768-3ca4-b365-48ab4d1f7b06  |t 0 
952 f f |a Texas A&M University  |b College Station  |c Electronic Resources  |d Available Online  |t 0  |e HV6536.5 .P48 2021  |h Library of Congress classification 
998 f f |a HV6536.5 .P48 2021  |t 0  |l Available Online